[Event "Airthings Masters MCCT Prel 2022"]
[Site "Online"]
[Date "2022.02.13"]
[Round "13.2"]
[White "Praggnanandhaa R"]
[Black "Keymer, Vincent"]
[Result "1/2-1/2"]
[WhiteElo "2612"]
[BlackElo "2664"]
[Annotator "ChessBase"]
[PlyCount "90"]
[EventDate "2022.02.18"]
[EventType "tourn"]
[EventCountry "NET"]
[SourceTitle "playchess.com"]
[Source "ChessBase"]
[SourceQuality "1"]
[TimeControl "900+10"]

1. e4 {[%emt 0:00:00]} c6 {[%emt 0:00:00]} 2. d4 {[%emt 0:00:02]} d5 {[%emt 0:
00:01]} 3. e5 {[%emt 0:00:00]} Bf5 {[%emt 0:00:02]} 4. h4 {[%emt 0:00:01]} h5 {
[%emt 0:00:01]} 5. Bd3 {[%emt 0:00:01]} Bxd3 {[%emt 0:00:04]} 6. Qxd3 {[%emt 0:
00:01]} e6 {[%emt 0:00:02]} 7. Nf3 {[%emt 0:00:04]} Qa5+ {[%emt 0:00:11]} 8.
Nbd2 {[%emt 0:00:04]} Nh6 {[%emt 0:00:05]} 9. O-O {[%emt 0:00:03]} Nf5 {
[%emt 0:00:02]} 10. a4 {[%emt 0:00:04]} Qa6 {[%emt 0:00:43]} 11. c4 {[%emt 0:
00:06]} Bb4 {[%emt 0:00:06]} 12. b3 {[%emt 0:00:04]} c5 {[%emt 0:00:17]} 13.
Qb1 {[%emt 0:00:07]} Nxd4 {[%emt 0:00:40]} 14. Nxd4 {[%emt 0:00:04]} cxd4 {
[%emt 0:00:00]} 15. cxd5 {[%emt 0:00:10]} exd5 {[%emt 0:00:03]} 16. Nf3 {
[%emt 0:00:02]} Qg6 {[%emt 0:04:31]} 17. Qxg6 {[%emt 0:03:47]} fxg6 {[%emt 0:
00:00]} 18. Bb2 {[%emt 0:00:03]} Nc6 {[%emt 0:00:42]} 19. Nxd4 {[%emt 0:00:31]}
Nxd4 {[%emt 0:00:49]} 20. Bxd4 {[%emt 0:00:03]} Ke7 {[%emt 0:00:40]} 21. Rfd1 {
[%emt 0:01:56]} Rhc8 {[%emt 0:02:46]} 22. Rd3 {[%emt 0:01:29]} Rc6 {[%emt 0:00:
19]} 23. Rad1 {[%emt 0:01:11]} Ke6 {[%emt 0:00:22]} 24. Rg3 {[%emt 0:00:25]}
Kf7 {[%emt 0:00:22]} 25. Rf3+ {[%emt 0:03:16]} Ke6 {[%emt 0:00:05]} 26. Rg3 {
[%emt 0:00:09]} Kf7 {[%emt 0:00:10]} 27. f4 {[%emt 0:01:31]} Be7 {[%emt 0:01:
53]} 28. f5 {[%emt 0:00:17]} gxf5 {[%emt 0:00:46]} 29. e6+ {[%emt 0:00:02]}
Kxe6 {[%emt 0:00:33]} 30. Re1+ {[%emt 0:01:27]} Kd7 {[%emt 0:00:41]} 31. Rxg7 {
[%emt 0:00:06]} Re6 {[%emt 0:00:06]} 32. Rxe6 {[%emt 0:01:11]} Kxe6 {[%emt 0:
00:00]} 33. Rg6+ {[%emt 0:00:04]} Kd7 {[%emt 0:00:19]} 34. Rh6 {[%emt 0:00:35]}
Bxh4 {[%emt 0:01:36]} 35. Rxh5 {[%emt 0:00:02]} Bg3 {[%emt 0:00:43]} 36. Rxf5 {
[%emt 0:00:06]} Kc6 {[%emt 0:00:56]} 37. Rf6+ {[%emt 0:00:16]} Kd7 {[%emt 0:00:
03]} 38. Rg6 {[%emt 0:01:10]} Bd6 {[%emt 0:00:04]} 39. g4 {[%emt 0:00:29]} a6 {
[%emt 0:00:10]} 40. Kf2 {[%emt 0:00:19]} Re8 {[%emt 0:00:32]} 41. g5 {[%emt 0:
00:24]} Re4 {[%emt 0:00:07]} 42. Rg7+ {[%emt 0:00:02]} Ke6 {[%emt 0:00:08]} 43.
Rg6+ {[%emt 0:00:02]} Kd7 {[%emt 0:00:05]} 44. Rg7+ {[%emt 0:00:04]} Ke6 {
[%emt 0:00:01]} 45. Rg6+ {[%emt 0:00:08]} Kd7 {[%emt 0:00:01]} 1/2-1/2

[Event "Airthings Masters MCCT Prel 2022"]
[Site "Online"]
[Date "2022.02.13"]
[Round "13.3"]
[White "Le, Quang Liem"]
[Black "Kosteniuk, Alexandra"]
[Result "1-0"]
[WhiteElo "2709"]
[BlackElo "2516"]
[Annotator "TA"]
[PlyCount "77"]
[EventDate "2022.02.18"]
[EventType "tourn"]
[EventCountry "NET"]
[SourceTitle "playchess.com"]
[Source "ChessBase"]
[SourceQuality "1"]

{[%evp 12,77,0,0,15,12,30,21,25,25,25,12,51,18,68,68,74,78,93,90,88,86,94,90,
105,95,110,105,122,108,99,95,125,106,123,124,140,135,136,131,153,100,172,183,
204,194,270,267,419,424,455,452,565,555,561,565,660,597,596,606,1066,1076,1073,
1048,29987,29988,29988,1262]} 1. d4 Nf6 2. c4 e6 3. Nf3 d5 4. Nc3 Bb4 5. Qa4+
Nc6 6. a3 Bxc3+ 7. bxc3 h6 {D38: Queen's Gambit Declined: Ragozin Defence (4
Nf3 Bb4).} 8. e3 Bd7 {[%cal Oc6d4]} 9. Qc2 O-O {The position is equal.} 10.
cxd5 exd5 11. Bd3 {[#]} Bg4 $146 ({Predecessor:} 11... Re8 12. O-O Bg4 13. Nd2
Qe7 14. a4 h5 15. f3 Qxe3+ 16. Kh1 Bd7 17. Ne4 Nxd4 18. Qb1 {1-0 (18)
Langensteiner,M (1985)-Franz,A (1818) Bad Homburg 2019}) 12. O-O Nd7 (12... Na5
$11) 13. Nd2 $14 Na5 14. c4 dxc4 15. Nxc4 Nxc4 16. Bxc4 {And now f3 would win.}
Nf6 17. Rb1 Rb8 18. Bb2 {White is more active.} c6 19. e4 Re8 20. Rfe1 {
[%cal Bf1e1,Be1e3,Be3g3][%mdl 32]} Be6 21. Bf1 Qa5 22. h3 Nh5 23. Re3 Nf4 24.
Rd1 Rbd8 25. Qc1 {[%cal Od4d5]} Ng6 26. Bd3 (26. Rg3 $142) 26... Qg5 (26... Nf4
$16) 27. Qc3 $18 {[%cal Od4d5]} Bc8 28. Rg3 Qh5 (28... Qf6 {was worth a try.}
29. Qb3 Qd6) 29. Rf1 {Hoping for f4.} Re7 (29... f6 $142 30. f4 (30. e5 f5 $16)
30... Ne7) 30. Bc2 ({Less strong is} 30. d5 Qe5 $18) 30... Kh7 31. d5 {[%csl
Gb2][%cal Rc3g7,Bd4d5,Bd5d6][%mdl 32]} Rg8 32. d6 Ree8 33. f4 {[%cal Bf2f4,
Bf4f5,Bf5f6][%mdl 32] To avoid Qe5} Qh4 34. e5 {[%cal Oe5e6] Black must now
prevent e6!} Kh8 35. Qe3 Nf8 36. f5 Nh7 37. e6 {[%cal Of5f6] Intending f6! and
mate.} fxe6 38. f6 Nxf6 {[#]} 39. Rf4 {Weighted Error Value: White=0.05 
(flawless) /Black=0.50} (39. Rxf6 $142 $1 {[%mdl 512]} e5 {[#]} 40. Rxg7 $3 {
[%mdl 512]} Rxg7 41. Rxh6+ Kg8 42. Rxh4 Kf7 43. Bxe5 Re6 44. Rh8) 1-0

[Event "Airthings Masters MCCT Prel 2022"]
[Site "Online"]
[Date "2022.02.13"]
[Round "13.4"]
[White "Hansen, Eric"]
[Black "Nepomniachtchi, Ian"]
[Result "1-0"]
[WhiteElo "2606"]
[BlackElo "2773"]
[Annotator "TA"]
[PlyCount "105"]
[EventDate "2022.02.18"]
[EventType "tourn"]
[EventCountry "NET"]
[SourceTitle "playchess.com"]
[Source "ChessBase"]
[SourceQuality "1"]

{[%evp 9,105,8,0,7,21,25,18,31,35,9,62,63,66,64,58,30,30,14,29,26,5,21,51,51,
60,40,44,37,44,27,34,28,45,32,91,89,140,133,138,117,163,149,151,144,229,227,
212,196,242,240,289,287,302,304,314,279,249,258,299,278,822,808,685,566,566,
524,645,614,997,997,962,933,922,925,936,844,934,933,1157,914,861,0,1023,804,
945,916,973,973,1537,1539,1914,1859,4956,1350,1412,1367,1112,971]} 1. e4 c5 2.
Nf3 e6 3. g3 Nc6 4. Bg2 Nf6 5. Qe2 d5 6. exd5 {B40: Sicilian: 2...e6, Unusual
lines.} Qxd5 7. O-O Be7 {[#]} 8. Re1 $146 {The position is equal.} ({
Predecessor:} 8. b3 O-O 9. Bb2 Qd8 10. Na3 Nd5 11. Nc4 Bd7 12. Nfe5 Rc8 13.
Rae1 Nf6 14. f4 {1-0 (56) Pirverdiyev,A (2298)-Bru Rullo,L (2222) Benidorm 2018
}) 8... O-O 9. b3 Nd4 (9... Qh5 $11) 10. Nxd4 $14 Qxd4 11. Nc3 Rd8 12. Rd1 e5
13. Bb2 Bg4 14. Bf3 Bxf3 15. Qxf3 e4 16. Qe2 Bf8 17. d3 exd3 18. Rxd3 Qb4 19.
Rad1 {[%cal Ba1d1,Bd1d3,Bd3d8,Bd8b8][%mdl 32]} Rxd3 20. Rxd3 Re8 21. Qf3 h6 (
21... Qb6 $14) 22. Kg2 $1 $16 {White now steadily converts the win.} Re6 {[#]}
({Black should try} 22... Be7) 23. Rd8 $1 Qb6 24. Rb8 Rc6 (24... Re7 $16) 25.
Nd5 Nxd5 26. Qxd5 {aiming for Qe5.} Qc7 {[#]} (26... Rd6 $16 27. Qf3 (27. Qxb7
Qxb7+ 28. Rxb7 Rd2 $16) 27... Rd2) 27. Be5 $1 $18 Qe7 28. c4 Re6 (28... g5 {
was called for.} 29. Bc3 Rb6) 29. Bf4 Rc6 30. h4 {To avoid g5} Kh7 31. h5 g5
32. hxg6+ Kxg6 33. Be5 ({Much less strong is} 33. g4 $6 Kh7 34. Kf1 Kg8) 33...
f6 34. Bf4 Bg7 $2 (34... h5 35. Ra8 a6) 35. g4 {[%cal Bg3g4,Bg4f5][%mdl 32]
Qh5+ would kill now.} Qe6 36. Qh5+ Kh7 37. Rxb7 {Intending Qxh6+ and mate.}
Qe4+ 38. Kg3 f5 39. Qxf5+ Qxf5 40. gxf5 {[%mdl 4096] Endgame Threatening mate
with Be5. KRB-KRB} Kg8 41. Rxa7 Bd4 42. Be3 Bc3 43. Kg4 Kf8 44. Bf4 Bd4 45. Be3
Bc3 $1 46. Rd7 {White is clearly winning.} Kg8 47. Rd5 Ra6 48. Rxc5 Rxa2 49.
Rb5 Kf7 50. Rb7+ Kf6 51. Rb6+ Kf7 52. c5 Ra1 53. Rxh6 {Weighted Error Value:
White=0.24 (precise) /Black=0.30} 1-0

[Event "Airthings Masters MCCT Prel 2022"]
[Site "Online"]
[Date "2022.02.13"]
[Round "13.5"]
[White "Ding, Liren"]
[Black "Esipenko, Andrey"]
[Result "0-1"]
[WhiteElo "2799"]
[BlackElo "2714"]
[Annotator "TA"]
[PlyCount "118"]
[EventDate "2022.02.18"]
[EventType "tourn"]
[EventCountry "NET"]
[SourceTitle "playchess.com"]
[Source "ChessBase"]
[SourceQuality "1"]

{[%evp 9,118,9,14,13,7,0,0,0,0,-5,-8,0,0,1,36,33,46,41,33,6,54,35,33,22,29,33,
25,11,13,0,0,0,0,0,0,16,9,0,13,0,4,0,0,-21,16,17,52,50,43,48,139,19,19,29,66,
66,71,68,60,0,25,0,4,0,12,13,16,12,10,12,12,3,1,2,6,1,7,0,26,6,16,0,0,0,0,-54,
-61,-72,-54,-295,-3,-42,-42,-42,-42,-1096,-1154,-1130,-1079,-1018,-963,-1045,
-994,-29991,-29992,-29996,-29997,-29997,-29998,-29998,-29999]} 1. c4 e5 2. Nc3
Nf6 3. Nf3 Nc6 4. e4 Bb4 5. d3 a6 6. Be2 {A28: English Opening: Four Knights
Variation.} d6 7. h3 Bc5 8. O-O {The position is equal.} O-O 9. Be3 {[%cal
Of3e5]} Nd4 10. Qd2 h6 {[#]} 11. Bd1 $146 ({Predecessor:} 11. Bxd4 exd4 12. Nd5
Nh7 13. Nh2 c6 14. Nb4 Bb6 15. Nc2 f5 16. exf5 Bxf5 17. Bg4 {0-1 (34) Klug,W 
(2056)-Galonska,J (2291) Germany 2011}) 11... Nh7 12. Bxd4 exd4 13. Ne2 Qf6 14.
Ng3 b5 (14... a5 $11 {feels stronger.}) 15. Rc1 {[%cal Ba1c1,Bc1c4,Bc4a4][%mdl
32]} bxc4 16. Rxc4 Be6 17. e5 Qe7 18. exd6 cxd6 19. Ra4 Bd7 20. Re1 Qd8 21. Rc4
a5 22. a3 $36 {[%mdl 2048] White fights for an advantage.} Be6 23. Rc2 ({
Of course not} 23. Nxd4 Bxc4 24. dxc4 Qg5 25. Qxg5 Nxg5 $17) 23... Nf6 24. b4
axb4 25. axb4 Bb6 26. Ne4 Nxe4 27. dxe4 Qf6 28. Rc6 {[%csl LRb6,LRd6]} Ra2 29.
Qd3 Qd8 (29... Rb8 $14) 30. Bb3 ({White should try} 30. Bc2 $16) 30... Ra3 $11
31. Rb1 Qb8 {[#]} 32. Qb5 $1 Bxb3 {[%cal Be6b3,Bb3c2,Bc2e4,Be4b7][%mdl 32]} 33.
Rxb6 Qa8 34. Re1 (34. Nxd4 Qxe4 $1 35. Rxb3 Ra1+ 36. Kh2 Qf4+ 37. Rg3 Qxd4 $11)
(34. Qc6 $1 $14) 34... Bc2 35. Nxd4 Bxe4 36. f3 Ra1 37. Qf1 Rxe1 38. Qxe1 Qd8
$1 39. Ra6 Bb7 40. Ra3 Qb6 41. Qe3 Bc8 {Prevents Nf5.} (41... Qxb4 $2 42. Rb3
Qc5 43. Rxb7 $18) 42. Nc2 Qb8 43. Qd4 Be6 44. Ne3 Rc8 45. Ra6 Rc1+ 46. Kf2 d5
47. f4 ({White should play} 47. Nxd5 $11 Rc2+ 48. Kg1) 47... Rb1 $1 $15 48. Rb6
Qc7 49. b5 $2 (49. Rb5 $15) 49... Qc1 $2 (49... Qa7 $1 $19 {[%cal Ob1b5]
Strongly threatening ...Rxb5!} 50. Qc5 Qa4) 50. Rb8+ ({Don't play} 50. Kf3 Rb3
51. Kf2 Kh7 $17) (50. Qd3 $5 {[%cal Rb6b8]} Rb2+ 51. Kg3 $11) 50... Kh7 $1 {
The board is on fire.} 51. Qd3+ $1 f5 52. Kf3 $2 {[%mdl 8192]} (52. Re8 $15
Qe1+ 53. Kf3) 52... d4 $1 $19 53. Qxd4 Rb3 {( -> ...Qf1+)} 54. Kf2 {[#] To
avoid Qf1+} Rb2+ $1 ({Not} 54... Rb1 55. Rb7 Qb2+ 56. Qxb2 Rxb2+ 57. Ke1 $16)
55. Kf3 {[#]} Rd2 $1 56. Qe5 {[#]} Qe1 $1 {[%csl Gd2][%cal Re1f2] Black mates.}
57. Nxf5 (57. Qxg7+ Kxg7) 57... Qf2+ 58. Kg4 Qxg2+ 59. Kh4 g5+ {Weighted Error
Value: White=0.42/Black=0.18 (very precise)} 0-1

[Event "Airthings Masters MCCT Prel 2022"]
[Site "Online"]
[Date "2022.02.13"]
[Round "13.6"]
[White "Duda, Jan-Krzysztof"]
[Black "Abdusattorov, Nodirbek"]
[Result "1/2-1/2"]
[WhiteElo "2760"]
[BlackElo "2651"]
[Annotator "TA"]
[PlyCount "54"]
[EventDate "2022.02.18"]
[EventType "tourn"]
[EventCountry "NET"]
[SourceTitle "playchess.com"]
[Source "ChessBase"]
[SourceQuality "1"]

{[%evp 22,54,18,21,25,19,33,18,60,58,27,27,17,0,0,0,0,0,0,0,0,0,0,-54,0,0,0,0,
0,0,0,0,0,0,0]} 1. d4 Nf6 2. c4 g6 3. Nc3 d5 4. cxd5 Nxd5 5. e4 Nxc3 6. bxc3
Bg7 7. Bc4 c5 8. Ne2 Nc6 9. Be3 cxd4 10. cxd4 b5 {10...Qa5+ is a critical line.
} 11. Bd5 Bd7 12. Rc1 Rc8 {D86: Exchange Grünfeld: Classical Line (7 Bc4).}
13. O-O O-O 14. Bxc6 Rxc6 (14... Bxc6 $11 15. d5 Bd7) 15. Rxc6 $14 Bxc6 {
This bishop pair is nice.} 16. d5 Bd7 {[#]} 17. Bd4 $146 ({Predecessor:} 17.
Qd2 a5 18. Nd4 e6 19. Rc1 exd5 20. exd5 b4 21. h3 Re8 22. Nc6 Bxc6 23. dxc6
Qxd2 24. Bxd2 Be5 25. g3 f6 26. Kg2 {½-½ (26) Sakaev,K (2672)-Najer,E (2615)
Sochi 2005}) 17... Qa5 18. Bxg7 Kxg7 19. Qd4+ Kg8 20. Qc5 Qxa2 21. Ng3 Re8 {
Strongly threatening ...Qa4.} 22. h4 ({Better is} 22. Qc7 $1 $11 Bc8 23. Qc6)
22... h5 (22... Qa4 $15) 23. Qc7 $11 {The position is equal.} Bg4 24. Qc6 {
[%csl LRb5,LRe8]} Rb8 25. Qc7 $1 {[%csl LRb8,LRe7]} Re8 26. Qc6 {[%csl LRb5,
LRe8]} Rb8 27. Qc7 $1 {[%csl LRb8,LRe7]} Re8 {Weighted Error Value: White=0.07
(flawless) /Black=0.05 (flawless)} 1/2-1/2

[Event "Airthings Masters MCCT Prel 2022"]
[Site "Online"]
[Date "2022.02.13"]
[Round "13.7"]
[White "Aronian, Levon"]
[Black "Carlsen, Magnus"]
[Result "1/2-1/2"]
[WhiteElo "2772"]
[BlackElo "2865"]
[Annotator "TA"]
[PlyCount "116"]
[EventDate "2022.02.18"]
[EventType "tourn"]
[EventCountry "NET"]
[SourceTitle "playchess.com"]
[Source "ChessBase"]
[SourceQuality "1"]

{[%evp 11,116,37,33,27,29,0,25,32,26,27,7,17,34,20,39,0,0,0,0,0,0,0,8,20,22,9,
12,0,85,-52,-52,-38,-50,-112,-114,-119,-118,-129,-89,-92,-91,-93,-87,-72,-71,
-119,-114,-118,-124,-121,-115,-144,-145,-145,-111,-107,-108,-112,-92,-88,-39,
-34,-41,-18,-20,-44,-41,-42,-41,-42,0,0,0,0,0,0,0,0,0,0,0,-8,-8,-8,0,0,0,0,0,0,
0,0,0,0,0,0,0,0,0,0,0,0,0,0,0,0,0]} 1. e4 c5 2. Nf3 Nc6 3. Bb5 g6 4. O-O Bg7 5.
d3 d6 6. Bxc6+ bxc6 7. e5 $1 {[%mdl 4] is recently more successful than 7.h3.
B31: Sicilian: 2...Nc6 3 Bb5 g6.} dxe5 {[%cal Oc5c4]} 8. Nc3 Qc7 {[%cal Oc5c4]}
(8... c4 9. Re1 Qd6 10. Bg5 cxd3 11. cxd3 Bg4 12. Ne4 Qd5 13. Rc1 Nf6 14. h3
Nxe4 15. dxe4 Qxd1 16. Rexd1 Bd7 17. Ne1 f6 18. Be3 {1-0 (66) Aronian,L (2781)
-Carlsen,M (2847) chess24.com INT 2021}) 9. Re1 {White has an edge.} Bg4 {
[%cal Oc5c4]} 10. h3 Bxf3 11. Qxf3 Rd8 {[%cal Oc5c4] [#]} 12. b3 $146 {[%mdl
1024] White has compensation.} ({Predecessor:} 12. Be3 Nh6 13. Bxc5 {½-½ (13)
Garbarino,R (2350)-Alonso,S (2490) Buenos Aires 2010}) 12... Nf6 {[%cal Bg8f6,
Bf6d5,Bd5b4,Bb4d3,Bd3e1,Be1f3][%mdl 32]} 13. Ba3 {[%cal Bc1a3,Ba3c5,Bc5b6]
[%mdl 32]} Nd5 14. Na4 Nb4 15. Qe2 e4 $1 16. d4 a5 (16... Rxd4 17. c3 (17. Nxc5
Nd5 $11) 17... Rd5 18. cxb4 Bxa1 19. Rxa1 $16) 17. c3 $1 Nd3 18. Bxc5 Nxe1 19.
Bb6 Qd7 20. Nc5 {[#]} ({Much weaker is} 20. Qxe1 Rb8 $11) ({Of course not} 20.
Qxe4 Qd5 21. Qxe1 Rb8 $11) (20. Bxd8 $16 {And now Bb6 would win.} Nxg2 21. Qxe4
$1 (21. Kxg2 Qxd8 22. Qxe4 O-O $11)) 20... Nf3+ $1 $15 21. gxf3 exf3 {[%cal
Be4f3,Bf3e2][%mdl 32]} 22. Nxd7 (22. Qf1 $15 Qd5 23. Bxd8 Qxd8 24. Qd3) 22...
fxe2 $17 23. Bxd8 Kxd8 $15 {[%mdl 4096] Endgame KRB-KRN} 24. Nc5 e5 25. dxe5
Bxe5 26. Re1 Bxc3 27. Rxe2 Kc7 28. Ne4 ({White should try} 28. Na4 Bf6 29. Re4)
28... Bb4 $17 29. Ng5 {[#]} f6 $1 30. Nf3 Rd8 31. Kg2 Kb6 32. h4 h6 33. Re6 Rd6
34. Re8 g5 35. Rb8+ Kc7 (35... Kc5 $17 36. Rh8 f5) 36. Rh8 $15 g4 37. Nh2 f5
38. Rf8 Rd5 39. Rf7+ Kb6 {White must now prevent ...Bd6.} 40. Nf1 Bc5 (40...
Bd2 $15) 41. h5 $11 {The position is equal.} f4 42. Rxf4 Rxh5 43. Rxg4 Rg5 44.
Rxg5 hxg5 {KB-KN} 45. Nd2 Kb5 46. f3 Kb4 47. Kf1 Bd6 48. Ke2 Bf4 {( -> ...Bxd2)
} 49. Nc4 a4 50. Kd3 axb3 51. axb3 Kxb3 52. Na5+ Kb4 53. Nxc6+ Kc5 54. Nd4 Kd5
55. Ne2 Ke5 56. Nxf4 Kxf4 57. Ke2 g4 58. fxg4 Kxg4 {Weighted Error Value:
White=0.11 (very precise) /Black=0.09 (flawless)} 1/2-1/2

[Event "Airthings Masters MCCT Prel 2022"]
[Site "Online"]
[Date "2022.02.13"]
[Round "13.8"]
[White "Mamedyarov, Shakhriyar"]
[Black "Giri, Anish"]
[Result "1-0"]
[WhiteElo "2767"]
[BlackElo "2772"]
[Annotator "TA"]
[PlyCount "157"]
[EventDate "2022.02.18"]
[EventType "tourn"]
[EventCountry "NET"]
[SourceTitle "playchess.com"]
[Source "ChessBase"]
[SourceQuality "1"]

{[%evp 24,157,0,-9,16,-12,-18,-31,-31,-30,-18,-31,-26,-43,-36,-52,0,-28,-28,
-20,-20,-31,-19,-25,-27,-35,-14,-7,0,-1,0,-23,0,0,0,0,0,-6,0,0,0,-27,-16,-22,0,
-4,0,0,33,32,216,243,233,235,362,362,362,354,452,445,445,445,445,508,510,502,
506,477,518,482,587,476,583,531,849,835,989,980,1400,1371,1985,1885,1571,0,
1352,0,1564,1509,1366,1252,12837,12838,12841,12841,12841,12842,12842,12839,
12839,12839,12842,12843,12843,12840,12841,12841,12841,12841,12844,12844,12845,
12845,12845,12846,12847,12846,12846,12846,12847,12847,12848,12848,12849,12849,
12849,12849,12850,12850,27999,27999,27999,27999,27999,27999,27999,27999]} 1. d4
d5 2. c4 c6 3. Nc3 Nf6 4. e3 e6 5. Nf3 Nbd7 6. Bd3 dxc4 7. Bxc4 b5 8. Bd3 Bb7
9. e4 b4 10. Na4 c5 11. e5 Nd5 12. O-O cxd4 {12...h6 is the fancy move.} 13.
Nxd4 g6 {D47: Semi-Slav: Meran System.} 14. f4 $5 {[%cal Of4f5][%mdl 4] [#]
Black must now prevent f5! Exploring less charted territory.} ({But not} 14.
Bb5 a6 15. Bxd7+ Qxd7 $15) (14. Qg4 $5 {[%cal Rd4e6]}) 14... Bg7 $146 ({
Predecessor:} 14... Be7 15. f5 exf5 16. e6 N7f6 17. Bb5+ Kf8 18. Nxf5 gxf5 19.
Bh6+ Kg8 20. Rxf5 fxe6 21. Rg5+ Kf7 22. Rg7+ Kf8 23. Qf3 Qd6 24. Rf1 Bc6 25.
Qh5 {1-0 (25) Mamedyarov,S (2766)-Le,Q (2705) Moscow 2013}) 15. a3 O-O {
Black is slightly better.} 16. axb4 Nxb4 {[%cal Od7e5]} 17. Be2 Qe7 {
Threatening ...Rad8.} 18. Bf3 Nb6 $1 19. Bd2 {[#] Bxb7 is the strong threat.}
Nxa4 ({Black should play} 19... Rad8 $15 20. Bc3 N6d5) 20. Rxa4 (20. Qxa4 $5 {
[%cal Rd2b4]} a5 21. Bxb7 Qxb7 22. Bxb4 axb4 23. Qc6 Qxc6 24. Nxc6 $11) 20...
a5 21. Kh1 Rfd8 22. Bxb4 axb4 23. Rxa8 Rxa8 24. Nb5 Rd8 25. Nd6 Ba6 26. Be2 Bb7
27. Bf3 Ba6 28. Rf2 {[%cal Bf1f2,Bf2d2,Bd2d4,Bd4a4][%mdl 32]} Qa7 29. Rd2 Qe3
30. Rd4 b3 31. h3 h5 32. Ra4 Bd3 33. Qxb3 h4 34. Qb4 {Active counter play!} Bh6
35. Qd4 Qe1+ 36. Qg1 Qg3 {Black is on the road to losing.} (36... Qxg1+ $14 37.
Kxg1 Bg7) 37. Rd4 $18 Bxf4 38. Rxd3 {And now Be4 would win.} Bxe5 {[#]} (38...
Bg5 $142 39. Ra3 Qxe5) 39. Ne4 $1 {[%csl LRd8,LRg3][%mdl 512]} Rxd3 40. Nxg3
Bxg3 41. Qc1 Rb3 42. Bd1 Rb5 43. Be2 Rb8 {To avoid Qc8+} 44. Qc2 Be5 45. b3 Kg7
46. Kg1 Bg3 47. Kf1 Rd8 48. Qc3+ e5 49. b4 Rd6 50. Bf3 Rf6 51. Ke2 Rb6 52. Bd5
Rf6 53. Bf3 Rb6 54. Bd5 Rf6 $1 55. b5 Rf2+ 56. Kd3 f5 57. b6 Kh6 58. b7 e4+ 59.
Ke3 Rxg2 60. Qh8+ Kg5 61. Qd8+ Kh5 62. b8=Q Bf2+ 63. Ke2 Ba7+ 64. Kd1 Rg1+ 65.
Kc2 {[%cal Bd1c2,Bc2c3,Bc3d4,Bd4e5,Be5f6,Bf6g6,Bg6f5,Bf5e4][%mdl 32]} Rg2+ 66.
Kc3 {White wants to mate with Qf4.} Bxb8 67. Qxb8 Rg3+ 68. Kd4 Rxh3 69. Ke5 Rf3
70. Bc4 h3 71. Be2 {Kf6 would kill now.} Kg4 72. Kf6 f4 73. Qb1 {Threatening
mate with Qg1+.} h2 {Prevents Qg1+.} 74. Kxg6 Kg3 75. Bxf3 Kxf3 76. Qh1+ {
White mates.} Kg3 77. Kf5 e3 78. Ke4 e2 79. Qf3+ {Weighted Error Value:
White=0.10 (very precise) /Black=0.32} 1-0

[Event "Airthings Masters MCCT Prel 2022"]
[Site "Online"]
[Date "2022.02.13"]
[Round "14.1"]
[White "Artemiev, Vladislav"]
[Black "Giri, Anish"]
[Result "1/2-1/2"]
[WhiteElo "2700"]
[BlackElo "2772"]
[Annotator "TA"]
[PlyCount "63"]
[EventDate "2022.02.18"]
[EventType "tourn"]
[EventCountry "NET"]
[SourceTitle "playchess.com"]
[Source "ChessBase"]
[SourceQuality "1"]

{[%evp 21,63,0,6,0,3,4,39,8,8,2,8,12,22,4,17,0,10,0,0,0,0,0,0,0,0,0,0,0,0,0,0,
0,0,0,0,0,0,0,0,0,0,0,20,0]} 1. Nf3 d5 2. e3 Nf6 3. c4 e6 4. Nc3 c5 5. d4 Nc6
6. cxd5 Nxd5 7. Bd3 Be7 8. O-O O-O 9. a3 cxd4 10. exd4 Bf6 11. Be4 Nce7 12. Ne5
{[%cal Bf3e5,Be5g4,Bg4e3][%mdl 32] [#] has lost popularity (12.Qd3). D42:
Queen's Gambit Declined: Semi-Tarrasch: 5 cxd5 Nxd5 6 e3 Nc6 7 Bd3 .} Ng6 $146
({Predecessor:} 12... Nf5 13. Re1 Nde7 14. Be3 Nxe3 15. fxe3 Bxe5 16. dxe5 Qa5
17. Qd6 Nf5 18. Bxf5 exf5 19. b4 Qd8 {½-½ (50) Artemiev,V (2704)-Svidler,P 
(2760) Sochi 2018}) 13. Ng4 Bg5 {[#] Threatens to win with ...Nxc3.} 14. Nxd5 {
White is slightly better.} (14. Bxd5 $5 exd5 15. Bxg5 Qxg5 16. Ne3 $14) 14...
exd5 {The position is equal.} 15. Bxg6 hxg6 16. Bxg5 Qxg5 17. Ne3 (17. Ne5 {
seems wilder.} Bh3 18. Qf3 Be6 19. Qb3 Rac8 20. Rae1) 17... Be6 18. Re1 Rfc8
19. Qd2 Rc7 20. Rac1 Rac8 21. Rxc7 Rxc7 22. Rc1 Rxc1+ 23. Qxc1 Qf4 24. Qc3 g5
25. h3 b6 26. Nf1 g6 27. Qe3 Kg7 28. Qc3 Kh7 29. Ng3 Kg7 30. Nf1 Kh7 31. Ng3
Kg7 32. Nf1 {An interesting draw.  Weighted Error Value: White=0.04 (flawless)
/Black=0.02 (flawless)} 1/2-1/2